Rýnsky spolok a význam jeho existencie pre ústavné, politické a spoločenské reformy nemeckých štátov v ňom združených

Analýza historického pozadia vzniku a existencie Rýnskeho spolku a jeho orgánov. Pohľad na ústavné, politické a spoločenské reformy nemeckých štátov v ňom združených. Východiský, princípy, ciele a priebeh týchto reforiem..

Enregistré dans:
Détails bibliographiques
Auteur principal: Dlugoš, Rastislav
Format: Chapitre de livre
Langue:slovaque
Sujets:
Tags: Ajouter un tag
Pas de tags, Soyez le premier à ajouter un tag!

MARC

LEADER 00000naa$a2200000$$$4500
001 0058227
005 20231102091928.0
041 0 |a slo 
044 |a SK 
245 1 0 |a Rýnsky spolok a význam jeho existencie pre ústavné, politické a spoločenské reformy nemeckých štátov v ňom združených  |c Rastislav Dlugoš 
520 |a Analýza historického pozadia vzniku a existencie Rýnskeho spolku a jeho orgánov. Pohľad na ústavné, politické a spoločenské reformy nemeckých štátov v ňom združených. Východiský, princípy, ciele a priebeh týchto reforiem.. 
610 2 0 |a Nemecko 
610 2 0 |a história 
610 2 0 |a dejiny hospodárske 
610 2 0 |a vývoj spoločenský 
610 2 0 |a usporiadanie územné 
100 1 |a Dlugoš, Rastislav